| 000 | 00736nam a22002657a 4500 | ||
|---|---|---|---|
| 005 | 20251108165757.0 | ||
| 008 | 250721s1992 xx 000 0 ara d | ||
| 020 | _a9772613506 | ||
| 082 | 1 | 4 | _aط/525/جيس |
| 100 | 1 | _aجيسوب، جوان | |
| 245 | 1 | 0 | _aكوكب الأرض / |
| 264 | 1 |
_aالقاهرة : _bشركة سفير، _c1992. |
|
| 300 | _a32ص. | ||
| 490 | 0 | _aنظرة جديدة | |
| 650 | 1 | 7 | _aالأرض |
| 650 | 1 | 7 | _aالبراكين |
| 650 | 1 | 7 | _aالزلازل |
| 650 | 1 | 7 | _aالتربة |
| 650 | 1 | 7 | _aالكهوف |
| 653 | _aناشئون صغار (10-14 سنة) | ||
| 700 | 1 |
_aباشا، أحمد فؤاد _eTran. |
|
| 700 | 1 |
_aوود، جيرالد _eCart. |
|
| 942 |
_2ddc _cREF |
||
| 999 |
_c31027 _d31027 |
||